Contabilidad de costos (Registro nro. 505)

Detalles MARC
000 -LEADER
fixed length control field 02264 a2200265 4500
001 - CONTROL NUMBER
control field 12749
005 - DATE AND TIME OF LATEST TRANSACTION
control field 20260407155440.0
008 - FIXED-LENGTH DATA ELEMENTS--GENERAL INFORMATION
fixed length control field 260407a1996 arg spa d
003 - CONTROL NUMBER IDENTIFIER
control field AR-UNSa-BCEJYS
040 ## - CATALOGING SOURCE
Original cataloging agency AR-UNSa-BCEJYS
Language of cataloging spa
Transcribing agency AR-UNSa-BCEJYS
080 ## - UNIVERSAL DECIMAL CLASSIFICATION NUMBER
Universal Decimal Classification number 657.47
Common auxiliary subdivision Contabilidad de Costos
020 ## - INTERNATIONAL STANDARD BOOK NUMBER
International Standard Book Number 978-968-880-502-2
041 ## - LANGUAGE CODE
Language code of text/sound track or separate title spa
100 1# - MAIN ENTRY--PERSONAL NAME
Personal name Horngren, Charles T.
245 10 - TITLE STATEMENT
Title Contabilidad de costos
Name of part/section of a work un enfoque gerencial
264 #1 - PRODUCTION, PUBLICATION, DISTRIBUTION, MANUFACTURE, AND COPYRIGHT NOTICE
Place of production, publication, distribution, manufacture México :
Name of producer, publisher, distributor, manufacturer Prentice-Hall Hispanoamericana
Date of production, publication, distribution, manufacture, or copyright notice 1996
300 ## - PHYSICAL DESCRIPTION
Extent xx, 970 p.
Dimensions 27 cm.
505 ## - FORMATTED CONTENTS NOTE
Formatted contents note 1. El papel del contador en la organización - 2. Introducción a los términos y propósitos de costos - 3. Relación costo-volumen-utilidad - 4. Sistemas de costeo en los sectorescomercial y de servicio - 5. Sistemas de costeo en el sector industrial - 6. Presupuesto maestro y contabilidad por responsabilidad - 7. Presupuestos flexibles, variaciones y control administrativo: I - 8. Presupuestos flexibles, variaciones y control administrativo: II - 9. Efectos en los ingresos de métodos alternativos de costeo de inventarioa - 10. Determinación del comportamiento de costos - 11. Relevancia, costos y proceso de toma de decisiones - 12. Decisiones sobre precios, rentabilidad de productos y administración de costos - 13. Sistemas de control administrativo: selección y aplicación - 14. Asignación de costos: I -15.Asignación de costos: II - 16. Asignación de costos: productos conjuntos y subproductos - 17. Sistemas de costeo por procesos - 18. Mermas, unidades retrabajadas y deshechos - 19. Costeo por operaciones, costeo hacia atrás y control de proyectos - 20. Presupuestación de capital y análisis de costos - 21. Presupuestación de capital: un análisis más profundo - 22. Medición de la mezcla, rendimiento y productividad - 23. Administración de costos: calidad y tiempo - 24. Administración de inventarios y justo-a-tiempo - 25. Selección de sistemas: descentralización y precios de transferencia - 26. Selección de sistemas: medida y compensación del desempeño
590 ## - LOCAL NOTE (RLIN)
Local note niveau_biblio:m niveau_hierar:0
700 1# - ADDED ENTRY--PERSONAL NAME
Personal name Foster, George
700 1# - ADDED ENTRY--PERSONAL NAME
Personal name Deras Quiñones, Adolfo
700 1# - ADDED ENTRY--PERSONAL NAME
Personal name Datar, Srikant M.
700 1# - ADDED ENTRY--PERSONAL NAME
Personal name Rodas Carpizo, Alejandro Roberto
942 ## - ADDED ENTRY ELEMENTS (KOHA)
Koha item type
Existencias
Withdrawn status Lost status Damaged status Not for loan Home library Current library Shelving location Date acquired Total checkouts Full call number Barcode Date last seen Price effective from Koha item type
        Biblioteca Prof. Eusebio Cleto del Rey Biblioteca Prof. Eusebio Cleto del Rey   07/04/2026   657.47 H813c 8ed. L118619 07/04/2026 07/04/2026 Libro